000 00598cam a2200193 a 4500
999 _c13902
_d13902
020 _a9783110214437 (alk. paper)
020 _a3110214431 (alk. paper)
082 0 0 _a306.44
245 0 0 _aPragmatics across languages and cultures
_cedited by Anna Trosborg.
260 _aBerlin ;
_aNew York :
_bDe Gruyter Mouton,
_cc2010.
300 _axiii, 644 p. :
_bill. ;
490 0 _aHandbooks of pragmatics ;
650 0 _aPragmatics.
650 0 _aLanguage and culture.
650 0 _aIntercultural communication.
650 0 _aSecond language acquisition.
700 1 _aTrosborg, Anna,
942 _cE-L